After cast - Statistics

General Stats
  • This quiz has been taken 4 times
  • The average score is 8 of 20
Answer Stats
character actor % Correct
Tessa Young Josephine Langford
100%
Noah Dylan Arnold
67%
Hardin Scott Hero Fiennes Tiffin
67%
Tristan Pia Mia
67%
Zed Samuel Larsen
67%
Kim Candice King
33%
Christian Vance Charlie Weber
33%
Trevor Matthews Dylan Sprouse
33%
Molly Samuels Inanna Sarkis
33%
Karen Karimah Westbrook
33%
Steph Khadijha Red Thunder
33%
Trish Daniels Louise Lombard
33%
Professor Soto Meadow Williams
33%
Chancellor Ken Scott Peter Gallagher
33%
Ken Scott Rob Estes
33%
Carol Young Selma Blair
33%
Landon Gibson Shane Paul McGhie
33%
Jace Swen Temmel
33%
Young Hardin John Jackson Hunter
0%
Lillian Millie Jogia
0%
No matching quizzes found
Score Distribution
Percent of People with Each Score
Percentile by Number Answered
Your Score History
You have not taken this quiz